Physical principles and applications of magnetochemistry / (Record no. 55597)
[ view plain ]
| 000 -LEADER | |
|---|---|
| fixed length control field | 00819nam a2200265 a 4500 |
| 001 - CONTROL NUMBER | |
| control field | 55597 |
| 003 - CONTROL NUMBER IDENTIFIER | |
| rucl marc code | BD-RjUL |
| 005 - DATE AND TIME OF LATEST TRANSACTION | |
| control field | 20211209080303.0 |
| 008 - FIXED-LENGTH DATA ELEMENTS--GENERAL INFORMATION | |
| fixed length control field | 161120s1935 enka b 001 0 eng |
| 035 ## - SYSTEM CONTROL NUMBER | |
| System control number | (BD-RjUL)55720 |
| System control number | (OCoLC)2720290 |
| 040 ## - CATALOGING SOURCE | |
| Original cataloging agency | DLC |
| Transcribing agency | GAT |
| Modifying agency | OCoLC |
| -- | BD-RjUL |
| Language of cataloging | eng |
| 041 ## - LANGUAGE CODE | |
| Language code of text/sound track or separate title | eng |
| 082 ## - DEWEY DECIMAL CLASSIFICATION NUMBER | |
| Classification number | 541.378 |
| Edition number | 23 |
| Author mark and year | BHP 1935 |
| 100 1# - MAIN ENTRY--PERSONAL NAME | |
| Personal name | Bhatnagar, Shanti Swarupa |
| 9 (RLIN) | 165621 |
| 245 10 - TITLE STATEMENT | |
| Title | Physical principles and applications of magnetochemistry / |
| Statement of responsibility, etc. | S.S. Bhatnagar and K.N. Mathur |
| 260 ## - PUBLICATION, DISTRIBUTION, ETC. (IMPRINT) | |
| Place of publication, distribution, etc. | London : |
| Name of publisher, distributor, etc. | Macmillan and Co., limited, |
| Date of publication, distribution, etc. | 1935. |
| 300 ## - PHYSICAL DESCRIPTION | |
| Pagination | xiv, 375 p. : |
| Illustrations | ill. ; |
| Size | 23 cm. |
| 500 ## - GENERAL NOTE | |
| General note | Includes index |
| 650 #0 - SUBJECT ADDED ENTRY--TOPICAL TERM | |
| Topical term or geographic name as entry element | Magnetochemistry. |
| 9 (RLIN) | 161271 |
| Topical term or geographic name as entry element | Magnetism. |
| 9 (RLIN) | 165622 |
| 700 1# - ADDED ENTRY--PERSONAL NAME | |
| Personal name | Mathur, K. N., |
| Relator term | joint author. |
| 942 ## - ADDED ENTRY ELEMENTS (KOHA) | |
| Source of classification or shelving scheme | Dewey Decimal Classification |
| Koha item type | Books |
| Lost status | Source of classification or shelving scheme | Damaged status | Not for loan | Collection code | Permanent Location | Current Location | Shelving location | Date acquired | Source of acquisition | Cost, normal purchase price | Total Checkouts | Full call number | Date last seen | Copy number | Koha item type |
|---|---|---|---|---|---|---|---|---|---|---|---|---|---|---|---|
| Dewey Decimal Classification | Non-fiction | Central Library, University of Rajshahi | Central Library, University of Rajshahi | 29/05/1964 | Zeitlinger | 75.00 | 541.378 BHP 1935 | 20/11/2016 | C-2 | Books | |||||
| Dewey Decimal Classification | Not For Loan | Non-fiction | Central Library, University of Rajshahi | Central Library, University of Rajshahi | Reading Room | 09/09/1963 | Lahore, Mirza Book | 15.75 | 541.378 BHP 1935 | 17/04/2017 | C-1 | Books | |||
| Dewey Decimal Classification | Non-fiction | Central Library, University of Rajshahi | Central Library, University of Rajshahi | 29/05/1964 | Mirza books agency | 15.75 | 541.378 BHP 1935 | 25/05/2017 | C-3 | Books | |||||
| Dewey Decimal Classification | Non-fiction | Central Library, University of Rajshahi | Central Library, University of Rajshahi | 29/05/1964 | Mirza books agency | 15.75 | 541.378 BHP 1935 | 25/05/2017 | C-4 | Books | |||||
| Dewey Decimal Classification | Non-fiction | Central Library, University of Rajshahi | Central Library, University of Rajshahi | 10/12/1963 | Zeitlinger | 21.00 | 541.378 BHP 1935 | 20/11/2018 | C-5 | Books |